Shortwave Wireless Communications (Record no. 6171)

MARC details
000 -LEADER
fixed length control field 00602nam a2200193Ia 4500
003 - CONTROL NUMBER IDENTIFIER
control field IN-BaIIA
008 - FIXED-LENGTH DATA ELEMENTS--GENERAL INFORMATION
fixed length control field 211028s9999 xx 000 0 eng d
040 ## - CATALOGING SOURCE
Transcribing agency IIA Library
080 ## - UNIVERSAL DECIMAL CLASSIFICATION NUMBER
Universal Decimal Classification number 621.3
Item number LAD
100 ## - MAIN ENTRY--PERSONAL NAME
Personal name Lander, A. W.
9 (RLIN) 10654
245 #0 - TITLE STATEMENT
Title Shortwave Wireless Communications
Remainder of title including ultra-shortwaves
Statement of responsibility, etc. A. W. Lander and C. R. Stoner
250 ## - EDITION STATEMENT
Edition statement 4th ed.
260 ## - PUBLICATION, DISTRIBUTION, ETC.
Place of publication, distribution, etc. London
Name of publisher, distributor, etc. Chapman and Hall
Date of publication, distribution, etc. 1946
300 ## - PHYSICAL DESCRIPTION
Extent xiii, 573p.
650 ## - SUBJECT ADDED ENTRY--TOPICAL TERM
Topical term or geographic name entry element NASA Thesaurus
650 ## - SUBJECT ADDED ENTRY--TOPICAL TERM
Topical term or geographic name entry element Radio Engineering
9 (RLIN) 1656
700 ## - ADDED ENTRY--PERSONAL NAME
Personal name Stoner, C. R.
9 (RLIN) 10655
942 ## - ADDED ENTRY ELEMENTS (KOHA)
Koha item type Books
Holdings
Withdrawn status Lost status Damaged status Not for loan Home library Current library Shelving location Date acquired Total Checkouts Full call number Barcode Date last seen Price effective from Koha item type
        IIA Library-Bangalore IIA Library-Kavalur General Stacks 07/04/1979   621.3/ LAD 6883 05/11/2021 07/04/1979 Books

Powered by Koha